Gemeenten & deelgemeenten van het Waasland - Statistieken

Algemene statistieken
  • Deze quiz is 9 keer genomen
  • De gemiddelde score is 19 van 34
Antwoordstatistieken
Antwoorden % Correct
Sint-Gillis-Waas
100%
Stekene
100%
Temse
100%
Waasmunster
100%
Beveren
83%
Doel
83%
Kruibeke
83%
Lokeren
83%
Moerbeke
83%
Sint-Niklaas
83%
Vrasene
83%
Zwijndrecht
83%
Daknam
67%
Kemzeke
67%
Sinaai
67%
Tielrode
67%
De Klinge
50%
Kallo
50%
Kieldrecht
50%
Sint-Pauwels
50%
Verrebroek
50%
Burcht
33%
Elversele
33%
Haasdonk
33%
Linkeroever
33%
Meerdonk
33%
Melsele
33%
Belsele
17%
Eksaarde
17%
Klein-Sinaai
17%
Nieuwkerke-Waas
17%
Rupelmonde
17%
Steendrop
17%
Bazel
0%
Geen overeenkomende quizzen gevonden
Scoreverdeling
Procent van Mensen met Elke Score
Percentiel versus Aantal Correcte Antwoorden
Uw Scoregeschiedenis
U heeft deze quiz nog niet genomen